| 000 | 01690cas a22004697a 4500 | ||
|---|---|---|---|
| 005 | 20220329142304.0 | ||
| 008 | 000512 br b p rnn 0 b1por d | ||
| 010 | _a81103 | ||
| 011 | _a82075 | ||
| 022 | _a0100-3674 | ||
| 035 | _a92560 | ||
| 245 | 0 | 0 |
_aRevista do Instituto de Laticínios Cândido Tostes _c/ |
| 260 | 0 |
_aMina Gerais, Brasil : _bEmpresa de Pesquisa Agropecuaria de Minas Gerais. Centro Tecnologico, _c19- |
|
| 300 | _av. | ||
| 310 | _aBimestral | ||
| 362 | _av.53 n.301,302,303, 1998 | ||
| 590 |
_aBATCH-UPD _b10 _c20130110 _lUCH01 _h2356 |
||
| 590 |
_aBATCH-UPD _b10 _c20130410 _lUCH01 _h1643 |
||
| 590 |
_aCONVERSION _b10 _c20130109 _lUCH01 _h1345 |
||
| 650 | 1 | 4 |
_aAgricultura _xInvestigacion _xPublicaciones periodicas. _91661 |
| 866 | _av.13 n.80-81 (1958) | ||
| 866 | _av.14 n.84 (1959) | ||
| 866 | _av.17 n.101,104 (1962) | ||
| 866 | _av.19 n.112-v.21 n.126 (1964-1966) | ||
| 866 | _av.21 n.128-129 (1966) | ||
| 866 | _av.22 n.131-133 (1967) | ||
| 866 | _av.23 n.136 (1968) | ||
| 866 | _av.23 n.138-v.24 n.145 (1968-1969) | ||
| 866 | _av.25 n.148-149 (1970) | ||
| 866 | _av.26 n.156-v.29 n.175 (1971-1974) | ||
| 866 | _av.30 n.177-v.31 n.186 (1975-1976) | ||
| 866 | _av.32 n.189-v.35 n.209 (1977-1980) | ||
| 866 | _av.35 n.212-v.36 n.213 (1980-1981) | ||
| 866 | _av.36 n.218-v.40 n.239 (1981-1985) | ||
| 866 | _av.43 n.256-257 (1988) | ||
| 866 | _av.50 n.291-293 (1995) | ||
| 866 | _av.51 n.298 (1996) | ||
| 866 | _av.53 n.301-303 (1998) | ||
| 866 | _av.53 n.305 (1998) | ||
| 901 | _aSE | ||
| 905 | _aLilia Sánchez G. | ||
| 999 |
_c81103 _d81103 |
||